Other names for intoxicated Quiz Stats

 Plays Quiz not verified by Sporcle

Challenge
Share
Tweet
Embed
Score 0/60 Timer 10:00
0 Plays Today
drunk/high word % Correct
drunkwasted
73.5%
drunkdrunk
71.4%
highhigh
65.8%
highstoned
62.5%
drunkhammered
54.3%
either****
48.4%
drunksmashed
45.1%
drunkshitfaced
43.7%
eithergone
33.3%
drunktipsy
32.2%
highbaked
31.9%
eitherbuzzed
31.6%
highblazed
31%
either**** up
30.4%
drunkplastered
27.7%
eithercrunk
23.6%
drunktrashed
22.7%
drunkblitzed
20.9%
drunksloshed
20.4%
drunkinebriated
14.5%
eithermessed up
14.5%
hightoasted
14.2%
drunktanked
13.9%
highlit
13.6%
eithertripping
12.1%
drunkblasted
12.1%
drunkblacked out
9.7%
drunkretarded
9.7%
drunktwisted
8.6%
eitherunder the influence
8.6%
drunk/high word % Correct
eitherpassed out
8.6%
highfaded
7.7%
drunkwrecked
7.7%
drunkstupid
6.8%
eitherloaded
6.8%
hightoked
6.5%
highripped
6.2%
drunkdestroyed
6.2%
eithercrazy
5.9%
drunkobliterated
5.3%
drunkplowed
4.7%
drunkpiss drunk
4.4%
drunkbeligerent
4.4%
drunksauced
4.1%
eitherjacked
3.8%
drunkcanned
3.2%
drunkloose
3.2%
drunkmashed
3.2%
highburned out
2.7%
highzonked
2.4%
highzooted
2.4%
drunkon the floor
2.1%
drunkliquored up
2.1%
hightorched
1.5%
highhashed
1.5%
highlaced
0.9%
drunkirish
0.9%
eitherF.U.B.A.R.
0.9%
drunkruined
0.6%
drunkaniahalated
0%

You're not logged in!

Compare scores with friends on all Sporcle quizzes.
OR
Log In

You Might Also Like...

Show Comments

Extras

Created Dec 28, 2009ReportNominate
Tags:drunk

Top Quizzes Today


Score Distribution

Your Account Isn't Verified!

In order to create a playlist on Sporcle, you need to verify the email address you used during registration. Go to your Sporcle Settings to finish the process.

Report this User

Report this user for behavior that violates our Community Guidelines.

Details: